<?xml version="1.0" encoding="UTF-8"?>
<record
    xmlns:xsi="http://www.w3.org/2001/XMLSchema-instance"
    xsi:schemaLocation="http://www.loc.gov/MARC21/slim http://www.loc.gov/standards/marcxml/schema/MARC21slim.xsd"
    xmlns="http://www.loc.gov/MARC21/slim">

  <leader>01798cam a2200133   4500500</leader>
  <controlfield tag="005">20260517002250.0</controlfield>
  <datafield tag="041" ind1=" " ind2=" ">
    <subfield code="a">fre</subfield>
  </datafield>
  <datafield tag="042" ind1=" " ind2=" ">
    <subfield code="a">dc</subfield>
  </datafield>
  <datafield tag="100" ind1="1" ind2="0">
    <subfield code="a">Duteurtre, Bruno</subfield>
    <subfield code="e">author</subfield>
  </datafield>
  <datafield tag="245" ind1="0" ind2="0">
    <subfield code="a">Le champagne : De la tradition &#xE0; la science</subfield>
  </datafield>
  <datafield tag="260" ind1=" " ind2=" ">
    <subfield code="b">Lavoisier,
									</subfield>
    <subfield code="c">2016.
										</subfield>
  </datafield>
  <datafield tag="520" ind1=" " ind2=" ">
    <subfield code="a">Le champagne, de la tradition &#xE0; la science d&#xE9;veloppe toutes les sp&#xE9;cificit&#xE9;s li&#xE9;es &#xE0; ce vin de notori&#xE9;t&#xE9; mondiale.Apr&#xE8;s un rappel des origines historiques du champagne et une pr&#xE9;sentation de la r&#xE9;gion champenoise, les diff&#xE9;rentes &#xE9;tapes de l&#x2019;&#xE9;laboration et du traitement des vins sont expos&#xE9;es : pressurage, fermentation, assemblage, tirage, prise de mousse...Les r&#xE9;actions chimiques et physiques &#xE0; l&#x2019;origine de la mousse, des bulles et de l&#x2019;effervescence sont &#xE9;tudi&#xE9;es, ainsi que les diff&#xE9;rents &#xE9;l&#xE9;ments ext&#xE9;rieurs agissant sur cette effervescence : bouteille, bouchon, verre, etc.Les qualit&#xE9;s organoleptiques du champagne, sa d&#xE9;gustation et les rapports entre consommation et sant&#xE9; sont d&#xE9;taill&#xE9;s.Le livre aborde enfin les diff&#xE9;rents modes d&#x2019;&#xE9;laboration des vins mousseux existant de par le monde, et s&#x2019;ach&#xE8;ve par une r&#xE9;flexion sur l&#x2019;&#xE9;volution du vin de Champagne et les d&#xE9;fis &#xE0; relever.Cette nouvelle version actualis&#xE9;e s&#x2019;est enrichie, 6 ans apr&#xE8;s la parution du livre, des innovations scientifiques ayant permis de faire progresser l&#x2019;&#xE9;laboration des vins par la m&#xE9;thode traditionnelle, notamment en ce qui concerne les ph&#xE9;nom&#xE8;nes d&#x2019;effervescence, et des nouvelles technologies appliqu&#xE9;es aux bouchons et capsules. Elle pr&#xE9;sente &#xE9;galement le projet &#xAB; Champagne 2030 &#xBB; et le devenir du champagne en tant que viticulture d&#x2019;excellence.</subfield>
  </datafield>
  <datafield tag="856" ind1="4" ind2="1">
    <subfield code="u">https://stm.cairn.info/le-champagne--9782743021450?lang=fr&amp;redirect-ssocas=7080</subfield>
  </datafield>
  <datafield tag="999" ind1=" " ind2=" ">
    <subfield code="c">2242088</subfield>
    <subfield code="d">2242088</subfield>
  </datafield>
</record>
